[Event "Qatar Masters op-A"]
[Site "Doha"]
[Date "2024.12.04"]
[Round "2"]
[White "Sriansh, Das"]
[Black "Pham, Le Thao Nguyen"]
[Result "1/2-1/2"]
[WhiteElo "2315"]
[BlackElo "2384"]
[PlyCount "60"]
[EventDate "2024.12.03"]
[EventType "swiss"]
[EventRounds "9"]
[EventCountry "QAT"]
[SourceTitle "CB51_2024"]
[SourceDate "2024.12.18"]
[SourceVersion "1"]
[SourceVersionDate "2024.12.18"]
[SourceQuality "1"]

1. e4 c6 2. d4 d5 3. Nd2 dxe4 4. Nxe4 Nf6 5. Nxf6+ exf6 6. c3 Qe7+ 7. Be3 g6 8. Be2 Bg7 9. Nf3 0-0 10. 0-0 Nd7 11. Re1 Nb6 12. c4 Rd8 13. Qb3 Bf8 14. a3 Be6 15. Rad1 Qc7 16. Qc3 Bg7 17. Qc1 Bf5 18. Nh4 Be6 19. g3 g5 20. Ng2 h6 21. Qc2 Nc8 22. f4 Qd7 23. Bd3 Nd6 24. Bf2 Bh3 25. Qc1 Rac8 26. b3 a6 27. Qc2 Kh8 28. Qd2 Bg4 29. Be2 Bh3 30. Bd3 Bg4 1/2-1/2